| 000 | 00515nam a22001817a 4500 | ||
|---|---|---|---|
| 999 |
_c7541 _d7541 |
||
| 003 | OSt | ||
| 005 | 20211125160205.0 | ||
| 008 | 211125b ||||| |||| 00| 0 eng d | ||
| 020 | _a9789812836748 | ||
| 040 | _cDDC | ||
| 082 | _a651.26 JUN | ||
| 100 |
_aJun, Xu; Mohammed, Quaddus _915438 |
||
| 245 |
_aE-Business in the 21st Century: _bRealities, Challenges and Outlook. |
||
| 260 |
_aNew Jersey: _bWorld Sdientific; _c2010. |
||
| 300 |
_axi,451p.: _bill; _c24cm. |
||
| 650 |
_aE-Business. _99335 |
||
| 942 |
_2ddc _cBOOK |
||